Years of Historical Events - Statistics

General Stats
  • This quiz has been taken 45 times
  • The average score is 20 of 52
Answer Stats
Hint Answer % Correct
World War I begins 1914
91%
The World Trade Center is attacked 2001
84%
World War II begins 1939
81%
Atomic bombs are dropped on Hiroshima and Nagasaki 1945
81%
The Cold War begins 1945
81%
The Great Depression begins 1929
78%
The French Revolution begins 1789
75%
The Balfour Declaration 1917
75%
The Russian Revolution; Lenin takes power 1917
75%
Nazis come to power in Germany 1933
75%
The Soviet Union collapses, ending the Cold War 1991
75%
The United States of America declare independence 1776
72%
Reconquista ends 1492
69%
Columbus sails the ocean blue 1492
69%
Napoleon is defeated, the Congress of Vienna 1815
66%
India gains independence and is partitioned 1947
63%
The Iranian Revolution 1979
63%
The Russo-Japanese War 1905
50%
Chinese Communist Revolution 1949
50%
Apartheid ends in South Africa 1994
50%
The Berlin Conference 1884
38%
The Boer War 1899
38%
The Qing Dynasty is overthrown 1911
38%
Constantinople falls to Turks 1453
34%
Haiti gains independence 1804
34%
Martin Luther publishes his 95 Theses 1517
31%
The Seneca Falls Convention 1848
31%
The Communist Manifesto is published 1848
31%
Jamestown is settled 1607
28%
The Sepoy Rebellion 1857
25%
Japan is opened by Commodore Perry 1853
22%
Russian serfdom ends 1861
22%
Fall of Rome 476
22%
The First Crusade 1095
19%
Hernan Cortez conquers the Aztecs 1523
19%
The First Opium War 1839
19%
Francisco Pizzaro conquers the Inca 1532
16%
Ottoman Seige of Vienna 1683
16%
Founding of Islam 622
16%
Schism between Sunni and Shia Islam 632
16%
Vasco da Gama sails around the Cape of Good Hope 1498
13%
Glorious Revolution and the English Bill of Rights 1689
13%
Japan is unified under the Tokugawa Shogunate 1600
9%
Industrial Revolution starts in Britain 1750
9%
Schism between Eastern Orthodox and Roman Catholic Christianity 1054
6%
Zheng He’s voyages end 1433
6%
Murder of the last Abbasid caliph 1258
3%
Start of Marco Polo’s travels 1271
3%
End of the Last Crusade 1291
3%
End of Marco Polo’s travels 1295
3%
Mansa Musa’s pilgrimage to Mecca 1324
3%
Battle of Tours 732
3%
No matching quizzes found
Score Distribution
Percent of People with Each Score
Percentile by Number Answered
Your Score History
You have not taken this quiz